Sociology: Principles of Sociology (Record no. 5548)

MARC details
000 -LEADER
fixed length control field 00350nam a2200145Ia 4500
008 - FIXED-LENGTH DATA ELEMENTS--GENERAL INFORMATION
fixed length control field 191201s2013 xx 000 0 und d
082 ## - DEWEY DECIMAL CLASSIFICATION NUMBER
Classification number 301
Item number CNS
100 ## - MAIN ENTRY--PERSONAL NAME
Personal name SHANKAR RAO,CN
245 #0 - TITLE STATEMENT
Title Sociology: Principles of Sociology
250 ## - EDITION STATEMENT
Edition statement Rep
260 ## - PUBLICATION, DISTRIBUTION, ETC. (IMPRINT)
Place of publication, distribution, etc N. delhi
Name of publisher, distributor, etc S Chand and Co. Ltd.
Date of publication, distribution, etc 2013
300 ## - PHYSICAL DESCRIPTION
Extent 924
650 ## - SUBJECT ADDED ENTRY--TOPICAL TERM
Topical term or geographic name as entry element BBA
942 ## - ADDED ENTRY ELEMENTS (KOHA)
Source of classification or shelving scheme Dewey Decimal Classification
Koha item type Text Books
Holdings
Withdrawn status Lost status Source of classification or shelving scheme Damaged status Not for loan Collection code Home library Current library Date acquired Source of acquisition Cost, normal purchase price Bill Number Total Checkouts Full call number Acc. no. / Barcode Date last seen Bill Date Koha item type Date last borrowed Public note
    Dewey Decimal Classification     BBA PIET C-LIBRARY PIET C-LIBRARY 26/02/2013 IBH, New Delhi 450.00 22792   301 RAS 21351 04/12/2019 21/02/2013 Text Books    
    Dewey Decimal Classification     BBA PIET C-LIBRARY PIET C-LIBRARY 26/02/2013 IBH, New Delhi 450.00 22792 2 301 SHS 21352 19/06/2023 21/02/2013 Text Books 14/06/2023 .
    Dewey Decimal Classification     BBA PIET C-LIBRARY PIET C-LIBRARY 26/02/2013 IBH, New Delhi 450.00 22792 2 301 SHS 21353 08/05/2023 21/02/2013 Text Books 26/04/2023  
    Dewey Decimal Classification     BBA PIET C-LIBRARY PIET C-LIBRARY 26/02/2013 IBH, New Delhi 450.00 22792 2 301 SHS 21354 07/12/2023 21/02/2013 Text Books 11/02/2023  

Design & Developed by: PIET Central Library
R70 Miles Stone Pattikalyana Samalkha Panipat 132102
mail ID :- [email protected], Phone No:- 0180-2569700 Ex.216